Secondary education in Kazakhstan
Guardado en:
| Formato: | Libro |
|---|---|
| Lenguaje: | inglés |
| Publicado: |
Paris
OECD
2014
|
| Colección: | Reviews of national policies for education
|
| Materias: | |
| Etiquetas: |
Sin Etiquetas, Sea el primero en etiquetar este registro!
|
MARC
| LEADER | 00000nam a2200000 4500 | ||
|---|---|---|---|
| 001 | 0185616 | ||
| 005 | 20240315121221.4 | ||
| 020 | |a 978-92-64-20521-5 | ||
| 041 | 0 | |a eng | |
| 044 | |a FR | ||
| 245 | 1 | 0 | |a Secondary education in Kazakhstan |
| 264 | 1 | |a Paris |b OECD |c 2014 | |
| 300 | |a 368 s. | ||
| 490 | 1 | |a Reviews of national policies for education | |
| 830 | 0 | |a Reviews of national policies for education | |
| 610 | 2 | 0 | |a školstvo |
| 610 | 2 | 0 | |a reformy |
| 610 | 2 | 0 | |a školy stredné |
| 610 | 2 | 0 | |a školy stredné odborné |
| 610 | 2 | 0 | |a vzdelávanie |
| 610 | 2 | 0 | |a výchova |
| 610 | 2 | 0 | |a efektívnosť |
| 610 | 2 | 0 | |a učitelia |
| 610 | 2 | 0 | |a vedenie |
| 610 | 2 | 0 | |a výdavky |
| 610 | 2 | 0 | |a financovanie |
| 610 | 2 | 0 | |a politika vzdelávania |
| 610 | 2 | 0 | |a kvalita vzdelávania |
| 610 | 2 | 0 | |a Kazachstan |